| 000 | 00532nam a2200193Ia 4500 | ||
|---|---|---|---|
| 003 | OSt | ||
| 005 | 20200104095803.0 | ||
| 008 | 190216s9999||||xx |||||||||||||| ||und|| | ||
| 020 | _a9788180521614 | ||
| 040 | _coclc | ||
| 082 |
_a332.4 _bHAJ/M |
||
| 100 |
_aHajela, T N _9701 |
||
| 245 | 0 |
_aMoney Banking And Public Finance / _cT N Hajela |
|
| 250 | _a8th ed. | ||
| 260 |
_bAne Books India, _c2009. _aNew Delhi: |
||
| 300 | _a355p | ||
| 650 | _aEconomics | ||
| 942 |
_cBK _2ddc _h332.4 _iHAJ/M _k332.4 _mHAJ/M |
||
| 999 |
_c11153 _d11153 |
||